| 000 | 00659nam a22001697a 4500 | ||
|---|---|---|---|
| 005 | 20120523120727.0 | ||
| 020 |
_a8175345586 _c125.00 |
||
| 035 | _aB-194407 | ||
| 037 |
_aDPL _bENG |
||
| 100 |
_aSingh, Mahendra P. _947773 |
||
| 245 |
_aOutlines of Indian legal and constitutional history : _bIncluding elements of Indian legal system / _cby Mahendra P. Singh |
||
| 250 | _a8th ed. | ||
| 260 |
_aNew Delhi _bUniversal Law Publishing Co. _c2006 |
||
| 300 |
_axvii, 220p. _c20 cms. |
||
| 942 |
_2ddc _cEN _h342.54 _mMAH |
||
| 999 |
_c67083 _d67083 |
||